| 000 | 01138nam a2200229Ia 4500 | ||
|---|---|---|---|
| 001 | 18007 | ||
| 003 | GE_BSU | ||
| 008 | 181216s||||||||xx |||||||||||||| ||und|| | ||
| 040 | _cGE_BSU | ||
| 080 | _a811.353.1-26 | ||
| 100 | _aნებიერიძე, გ. | ||
| 245 | _aსალიტერატურო ქართული ენის გენერატორულ-ფონოლოგიური მოდელი და მისი აგების პრინციპები | ||
| 245 | _cრედ. გ. ახვლედიანი | ||
| 260 | _aთბილისი | ||
| 260 | _bთბილ. უნ-ტის გამ-ბა | ||
| 260 | _c1974 | ||
| 300 | _a260გვ. ; 20სმ. | ||
| 520 | _aპარალ. ტექსტი რუს. ენ. | ||
| 653 | _aსალიტერატურო ქართული ენის გენერატორულ-ფონოლოგიური მოდელი და მისი აგების პრინციპები | ||
| 653 | _aქართული ლიტერატურული ენა; | ||
| 942 | _cBK | ||
| 999 |
_c51050 _d51050 |
||